| 000 | 01173nam a2200217 a 4500 | ||
|---|---|---|---|
| 001 | BRCA_8996 | ||
| 005 | 20190320210503.0 | ||
| 008 | 140717s1747----mx-a######---#000-0#spa-# | ||
| 041 | _aspa | ||
| 044 | _amx | ||
| 084 |
_aLM21 _b.V53 1747 |
||
| 100 | 1 |
_aSánchez de Castro, Joseph Geronymo _922328 |
|
| 245 | 1 | 0 |
_aVida de la V. M. Sor Antonia de la Madre de Dios, religiosa Agustina recoleta, y fundadora en el Convento de Santa Monica de la Puebla de los Angeles, y después en el de Nra. Sra. de la Soledad de la Ciudad de Antequera Valle de Oaxaca _cescrita por su ultimo confessor el R. P. Fr. Joseph Geronymo Sánchez de Castro; quien la consagra a María santissima señora nuestra en su dolorosissima soledad a expensas de las RR. MM. del Convento de la Soledad de Oaxaca. |
| 260 |
_aMexico _bPor la viudad de D. Joseph Bernardo de Hogal _c1747 |
||
| 300 |
_a510 p. _bil. _c21 x 15 cm |
||
| 500 | _aCon licencia en México | ||
| 500 | _aEstado físico: presenta encuadernación en pergamino con cintas rotas, lomo semi desprendido y presencia del pez de plata | ||
| 600 | 1 | 4 |
_aAntonia de la Madre de Dios _cSor _vBiografía _922329 |
| 902 | _aCFM | ||
| 942 |
_2lcc _cB |
||
| 999 |
_c8647 _d8647 |
||